[Event "Phuket Blue Chevaliers op"]
[Site "Phuket"]
[Date "2023.07.27"]
[Round "6"]
[White "Keok, Kai En"]
[Black "Makarov, Nikolay Val"]
[Result "1/2-1/2"]
[WhiteElo "1748"]
[BlackElo "2251"]
[PlyCount "122"]
[EventDate "2023.07.23"]
[EventType "swiss"]
[EventRounds "9"]
[EventCountry "THA"]
[SourceTitle "CBM 215 Extra"]
[Source "ChessBase"]
[SourceDate "2023.09.30"]
[SourceVersion "1"]
[SourceVersionDate "2023.09.30"]
[SourceQuality "1"]

1. e4 c5 2. Nf3 d6 3. d4 cxd4 4. Nxd4 Nf6 5. Nc3 g6 6. Be3 Bg7 7. f3 0-0 8. Qd2 Nc6 9. 0-0-0 Nxd4 10. Bxd4 Be6 11. Kb1 Rc8 12. h4 h5 13. g4 a6 14. g5 Nd7 15. Bxg7 Kxg7 16. f4 Bg4 17. Be2 Bxe2 18. Qxe2 Qa5 19. e5 Rxc3 20. exd6 exd6 21. bxc3 Nc5 22. Rxd6 Qa3 23. Qe5+ Kg8 24. Rb6 Nd7 25. Qd6 Nc5 26. Rxb7 Qxc3 27. Rb8 Rxb8+ 28. Qxb8+ Kh7 29. Qe5 Qc4 30. Rd1 Ne4 31. Rd3 Qb4+ 32. Kc1 Nc5 33. Rd8 Qa3+ 34. Kd1 Qf3+ 35. Ke1 Qg3+ 36. Ke2 Qg2+ 37. Ke1 Qg3+ 38. Kd2 Qf2+ 39. Kc3 Na4+ 40. Kb4 Qb6+ 41. Kxa4 Qxd8 42. c4 Qd7+ 43. Kb4 Qd2+ 44. Kc5 Qxa2 45. Qf6 Kg8 46. Qd8+ Kg7 47. Qf6+ Kf8 48. Qd8+ Kg7 49. Qd4+ Kg8 50. Kd6 a5 51. c5 Qe6+ 52. Kc7 Qa6 53. c6 a4 54. Qd8+ Kh7 55. Qf6 Qc4 56. Kb8 a3 57. c7 Qb5+ 58. Kc8 Qe8+ 59. Kb7 Qb5+ 60. Kc8 Qe8+ 61. Qd8 Qe6+ 1/2-1/2

[Event "Zonal 3.3 Online"]
[Site "Tornelo INT"]
[Date "2021.05.08"]
[Round "8"]
[White "Diez, Allan"]
[Black "Keok, Kai En"]
[Result "1-0"]
[WhiteElo "2069"]
[BlackElo "1748"]
[PlyCount "103"]
[EventDate "2021.05.01"]
[EventType "swiss"]
[EventRounds "9"]
[EventCountry "PHI"]
[SourceTitle "CBM 202 Extra"]
[Source "ChessBase"]
[SourceDate "2021.07.31"]
[SourceVersion "1"]
[SourceVersionDate "2021.07.31"]
[SourceQuality "1"]

1. c4 Nf6 2. Nc3 e6 3. e4 c5 4. e5 Ng8 5. d4 cxd4 6. Qxd4 Nc6 7. Qf4 d6 8. Nf3 Nge7 9. exd6 Ng6 10. Qe4 Bxd6 11. Be2 0-0 12. 0-0 Qe7 13. Rd1 Rd8 14. a3 Bd7 15. b4 Rac8 16. c5 Bb8 17. Bb2 f5 18. Qc2 Nce5 19. Nxe5 Nxe5 20. f4 Ng6 21. g3 Bc6 22. Rf1 e5 23. Bc4+ Kh8 24. Rae1 e4 25. Nd1 a6 26. Ne3 Qf8 27. Rd1 Ne7 28. Qc3 Bd7 29. Rd2 Ba4 30. Rff2 Bc7 31. Be6 Rxd2 32. Rxd2 Rd8 33. Rxd8 Bxd8 34. Qe5 Ng6 35. Qxf5 Qxf5 36. Bxf5 Bc6 37. Bd4 Nf8 38. Kf2 Kg8 39. Nd1 g6 40. Bc8 Kf7 41. Ke3 Ne6 42. Be5 b6 43. Bxa6 bxc5 44. b5 Ba8 45. Nc3 c4 46. Na4 Be7 47. b6 Nd8 48. Bxc4+ Kf8 49. Bd4 Bxa3 50. Bc5+ Bxc5+ 51. Nxc5 Bc6 52. Ba6 1-0